Pupil´s book 1 / (Registro nro. 9531)

Detalles MARC
000 -LIDER
fixed length control field 00636nam a22002417a 4500
001 - NÚMERO DE CONTROL
Identificador de número de control 00137
003 - IDENTIFICACDOR DE NÚMERO DE CONTROL
control field DO-SdBNP
005 - DATE AND TIME OF LATEST TRANSACTION
control field 20160404150455.0
007 - CAMPOS FIJOS DE DESCRIPCIÓN FÍSICA
fixed length control field 00137
008 - ELEMENTOS DE LONGITUD FIJA
fixed length control field 160404b xxu 2000 ||||| |||| 00| 0 spa d
020 ## - ISBN
International Standard Book Number 9780521775243
040 ## - FUENTE DE CATALOGACIÓN
Agencia que crea de manera original el registro BPMSU
Idioma de catalogación spa
Agencia que realiza la transcripción BPMSU
092 ## - LOCALLY ASSIGNED DEWEY DECIMAL CALL NUMBER
Número de clasificación xxxxxxx
Número de ítem (Cutter) xxxxxxx
100 10 - ASIENTO PRINCIPAL -- NOMBRE PERSONAL
Nombre personal Gerngross, Günter
245 ## - MENCIÓN DE TITULO
Título Pupil´s book 1 /
Mención de responsabilidad Günter Gerngross, Herbert Puchta
260 ## - PUBLICACIÓN, DISTRIBUCIÓN, ETC. (PIE DE IMPRENTA)
Lugar de publicación, distribución, etc Estados Unidos :
Nombre del editor, distribuidor, etc. Cambridge,
Fecha de publicación, distribución, etc 2000.
300 ## - DESCRIPCIÓN FÍSICA
Extensión 95 p. :
Otros detalles físicos il.,
Dimensiones 26 cm.
490 1# - MENCIÓN DE SERIES
Mención de serie Join In
Volume/sequential designation 1
700 10 - ASIENTO SECUNDARIO -- NOMBRE PERSONAL
Nombre personal Puchta, Herbert,
Mención de responsabilidad ed.
830 #0 - ASIENTO SECUNDARIO DE SERIE--TÍTULO UNIFORME
Título uniforme Join In
Número de la parte o sección de una obra 1
942 ## - ADDED ENTRY ELEMENTS (KOHA)
Source of classification or shelving scheme Dewey Decimal Classification
Koha item type Libros
956 ## - LOCAL ELECTRONIC LOCATION AND ACCESS (OCLC)
Nombre de host Brenda Tavárez
Existencias
Withdrawn status Lost status Source of classification or shelving scheme Damaged status Not for loan Collection code Home library Current library Date acquired Source of acquisition Total Checkouts Barcode Date last seen Price effective from Koha item type
    Dewey Decimal Classification       Biblioteca Pública Metropolitana Salomé Ureña Biblioteca Pública Metropolitana Salomé Ureña 04/04/2016 Donación   BPMSU16040080 04/04/2016 04/04/2016 Libros